| 000 | 01322nam a2200313 a 4500 | ||
|---|---|---|---|
| 001 | ebr10670461 | ||
| 003 | CaPaEBR | ||
| 006 | m u | ||
| 007 | cr cn||||||||| | ||
| 008 | 130322t20132012enk sb 000 0 eng d | ||
| 020 | _z9780718892937 | ||
| 020 | _z9780718841508 (e-book) | ||
| 040 |
_aCaPaEBR _cCaPaEBR |
||
| 035 | _a(OCoLC)841170141 | ||
| 050 | 1 | 4 |
_aB105.S25 _bB53 2013eb |
| 100 | 1 | _aBlanco, Carlos. | |
| 245 | 1 | 0 |
_aPhilosophy and salvation _h[electronic resource] : _ban essay on wisdom, beauty, and love as the goal of life / _cCarlos Blanco. |
| 260 |
_aCambridge : _bLutterworth Press, _c2013, c2012. |
||
| 300 | _avii, 285 p. | ||
| 500 | _a"First published 2012"--t.p. verso. | ||
| 504 | _aIncludes bibliographical references. | ||
| 505 | 0 | _apt. 1. In search of fundamentum -- pt. 2. Fundamentum in history -- pt. 3. Questioning as salvation. | |
| 533 |
_aElectronic reproduction. _bPalo Alto, Calif. : _cebrary, _d2013. _nAvailable via World Wide Web. _nAccess may be limited to ebrary affiliated libraries. |
||
| 650 | 0 |
_aSalvation _xPhilosophy. |
|
| 650 | 0 | _aPhilosophy and religion. | |
| 655 | 7 |
_aElectronic books. _2local |
|
| 710 | 2 | _aebrary, Inc. | |
| 856 | 4 | 0 |
_uhttp://site.ebrary.com/lib/rucke/Doc?id=10670461 _zAn electronic book accessible through the World Wide Web; click to view |
| 999 |
_c161938 _d161938 |
||